000 01075nam a2200253Ia 4500
003 OSt
005 20220918111022.0
006 a|||||r|||| 00| 0
007 ta
008 220915b |||||||| |||| 00| 0 hin d
020 _c1200
024 _a249881
037 _b1998/I, 21/01/2009, Vidyanidhi Prakashan
_cReference Collections
040 _aARTS
_cARTS
_bhin
041 _2hin
_ahin
082 _aLBv, 152P8.1-.2 (RR)
100 _aयादव, दीपक, प्रेमचन्द
_910455
245 0 _aआयुर्वेद का इतिहास
246 _aĀyurved kā itihāsa
260 _aवाराणसी
_bचौखम्बा सुरभारती प्रकाशन भारत
_c2008
490 _aचौखम्बा आयुर्विज्ञान ग्रन्थमाला; 90
942 _hLBv, 152P8.1-.2 (RR)
_cREF
999 _c116480
_d116480